The Iliad and the Odyssey : The Heroic Story of the Trojan War, the Fabulous Adventures of Odysseus /

Gardado en:
Detalles Bibliográficos
Autor Principal: Homero (autor)
Outros autores: Watson, Jane Werner (adaptación) (adaptación), Provensen, Alice (ilustración) (ilustración), Provensen, Martin (ilustración) (ilustración)
Formato: Libro
Idioma:inglés
Publicado: Nueva York, EUA : Simon and Schuster, 1956, c1956
Temas:
Etiquetas: Engadir etiqueta
Sen Etiquetas, Sexa o primeiro en etiquetar este rexistro!

MARC

LEADER 00000nam^a2200000^a^4500
001 000186918
005 20250630000000.0
009 20260310102243.845
037 |a Acervo ITESO - Biblioteca 
041 |a ING 
082 |a 808. 899282  |b HOM 
100 |a Homero  |e (autor) 
240 1 4 |a [La Ilíada] 
240 1 4 |a [La Odisea] 
240 1 5 |a [The Iliad] 
240 1 5 |a [The Odyssey] 
245 1 4 |a The Iliad and the Odyssey :  |b The Heroic Story of the Trojan War, the Fabulous Adventures of Odysseus /  |c Homero ; adaptación de J. Werner Watson ; il. de A. Provensen, M. Provensen. 
264 4 |a Nueva York, EUA :  |b Simon and Schuster,  |c 1956, c1956 
300 |a 96 p. 
336 |a texto  |b txt  |2 rdacontenido 
337 |a sin mediación  |b n  |2 rdamedio 
338 |a volumen  |b nc  |2 rdasoporte 
545 0 |a Homero, poeta griego a quien la tradición señala como autor de los dos mayores poemas épicos de la antigüedad, la Ilíada (siglos XVII-IX a.C.), crónica de la guerra de Troya y la Odisea (siglos IX-VIII a.C.), relato del viaje de regreso de Ulises u Odiseo a Itaca. Poco se sabe de su vida y existen problemas para la determinación de la época en que vivió y su lugar de origen; según las leyendas antiguas, se trata de un poeta ciego que vivía en la corte de los príncipes y era de condición social claramente inferior a la de sus protectores. La falta de datos biográficos y las diferencias entre ambos poemas, han hecho pensar a los críticos que se trata de recopilaciones de versos de distinto origen; sin embargo, expertos en literatura griega sostienen que la estructura unitaria de los textos y de los caracteres de los personajes más importantes, así como la utilización de un lenguaje similar permite concluir que estas dos sagas, escritas en 24 cantos y compuestas en hexámetros, fueron elaboradas de forma coherente y orgánica por un mismo autor. 
649 |a XX 
650 |a Libros para Niños 
650 |a Poesía Epica Griega 
650 |a Poesía Griega 
650 |a Poesía Clásica 
650 |a Literatura Epica 
650 |a Literatura Griega 
650 |a Literatura Clásica 
700 |a Watson, Jane Werner  |e (adaptación) 
700 |a Provensen, Alice  |e (ilustración) 
700 |a Provensen, Martin  |e (ilustración) 
910 |a Fondo Julio de la Peña Lomelín 
920 |a Impresos - Libros 
930 |a Arquitectos Jaliscienses 
940 |a Literatura 
905 |a 115 
901 |a 0500129109  |b IT1  |c JAL  |u 20250630 
902 |a https://opac.biblio.iteso.mx/vufind/Record/000186918